000 00608nam a22001937a 4500
999 _c190806
_d190806
005 20220805113959.0
010 _aENG-134284
020 _a8190082302
_c200.00
035 _aEN-117816
037 _bDBAD/PUB
082 _a133.5
100 _aSadhvi Nidhi Shree
245 _aSolutions to Your Sunsign/
_cby Sadhvi Nidhi Shree and Sadhi Kripa Shree
260 _aNew Delhi
_bMaitri Charitable Foundation
_c202?
270 _aB-117 Okhla Industrial Area,Phase I,
_bNew Delhi
_e110020
300 _avp.:
_c18cm(pbk)
_bill.
700 _a Sadhi Kripa Shree
942 _2ddc
_cEN
_h133.5
_mSAD